| 000 | 00541 a2200181 4500 | ||
|---|---|---|---|
| 999 |
_c3550 _d3550 |
||
| 020 | _a9781847870896 | ||
| 020 | _a9781847870902 (pbk.) | ||
| 050 | 0 | 0 | _a PN 4500 SHI 2016 |
| 100 | 1 |
_aShields, MunLing _eauthor |
|
| 245 | 1 | 0 |
_aEssay writing : _ba student's guide / _cMunLing Shields. |
| 264 |
_aLos Angeles : _bSage Publications, _c2010 |
||
| 300 |
_axii, 224 p. : _bill. ; |
||
| 500 | _aincludes index. | ||
| 650 | 0 |
_aEnglish language _xRhetoric |
|
| 650 | 0 |
_aEssay _xAuthorship |
|
| 650 | 0 | _aReport writing | |
| 942 |
_2lcc _cBK _h4500 _iSHI _kPN |
||